000
00253nam a2200097Ia 4500
008
190216s9999||||xx |||||||||||||| ||und||
100
_a
Ramakrishnan Deshamangalam
245
0
_a
Bhasha Shashthra Darpanam
260
_b
Kerala Basha Inst
942
_c
BK
999
_c
37543
_d
37543